[Event "34. Copenhagen Open (Politiken Cup)"]
[Site "Elsinore"]
[Date "2012.08.03"]
[Round "8"]
[White "Schlecht, Daniel"]
[Black "Taksrud, Vidar"]
[Result "1/2-1/2"]
[WhiteElo "2379"]
[BlackElo "2057"]
[PlyCount "64"]
[EventDate "2012.07.28"]
[EventType "swiss"]
[EventRounds "10"]
[EventCountry "DEN"]
[Source "ChessBase"]
[SourceDate "2012.08.24"]

1. d4 Nf6 2. c4 e6 3. Nc3 Bb4 4. Qc2 c5 5. dxc5 Nc6 6. Nf3 O-O 7. a3 Bxc5 8.
Bg5 Be7 9. Rd1 a6 10. e4 h6 11. Bc1 Qc7 12. Bd3 Ng4 13. Nd5 exd5 14. cxd5 Qa5+
15. b4 Bxb4+ 16. axb4 Nxb4 17. Qc3 Nxd3+ 18. Rxd3 Qxc3+ 19. Rxc3 Re8 20. Nd2 f5
21. f3 Nf6 22. O-O b5 23. Bb2 a5 24. Rc5 d6 25. Rc7 Ba6 26. exf5 b4 27. Rfc1
Rec8 28. Bxf6 Rxc7 29. Rxc7 gxf6 30. Ne4 b3 31. Nxf6+ Kf8 32. Rd7 b2 1/2-1/2

[Event "34. Copenhagen Open (Politiken Cup)"]
[Site "Elsinore"]
[Date "2012.08.03"]
[Round "8"]
[White "Schultz Pedersen, Jesper"]
[Black "Bejtovic, Jasmin"]
[Result "0-1"]
[WhiteElo "2172"]
[BlackElo "2393"]
[PlyCount "38"]
[EventDate "2012.07.28"]
[EventType "swiss"]
[EventRounds "10"]
[EventCountry "DEN"]
[Source "ChessBase"]
[SourceDate "2012.08.24"]

1. e4 c5 2. Nc3 e6 3. f4 d5 4. Nf3 dxe4 5. Ne5 Nf6 6. Bb5+ Nbd7 7. Qe2 Be7 8.
Nxe4 O-O 9. Bxd7 Nxd7 10. Nf2 Nxe5 11. fxe5 Qd5 12. d3 c4 13. dxc4 Qxg2 14. Qe4
Qxe4+ 15. Nxe4 Bd7 16. Nf6+ gxf6 17. Bh6 Kh8 18. O-O-O Bc6 19. exf6 Bxf6 0-1

[Event "34. Copenhagen Open (Politiken Cup)"]
[Site "Elsinore"]
[Date "2012.08.03"]
[Round "8"]
[White "Sivaranjan, Aschmirthan"]
[Black "Emborg, Jens"]
[Result "1/2-1/2"]
[WhiteElo "1450"]
[BlackElo "1649"]
[PlyCount "35"]
[EventDate "2012.07.28"]
[EventType "swiss"]
[EventRounds "10"]
[EventCountry "DEN"]
[Source "ChessBase"]
[SourceDate "2012.08.24"]

1. e4 e6 2. d4 d5 3. e5 c5 4. c3 Nc6 5. Nf3 Qb6 6. a3 Nh6 7. b4 cxd4 8. cxd4
Nf5 9. Bb2 Bd7 10. Be2 Be7 11. O-O O-O 12. Re1 Rac8 13. Qd3 a6 14. Nbd2 Na7 15.
Nb3 Rfd8 16. Rac1 Nb5 17. Red1 Qa7 18. h3 1/2-1/2

[Event "34. Copenhagen Open (Politiken Cup)"]
[Site "Elsinore"]
[Date "2012.08.03"]
[Round "8"]
[White "Skjolas, Erling Dyrhaug"]
[Black "Pedersen, Carl Aage"]
[Result "1-0"]
[WhiteElo "1581"]
[BlackElo "1739"]
[PlyCount "39"]
[EventDate "2012.07.28"]
[EventType "swiss"]
[EventRounds "10"]
[EventCountry "DEN"]
[Source "ChessBase"]
[SourceDate "2012.08.24"]

1. e4 c5 2. Nf3 d6 3. d4 cxd4 4. Nxd4 Nf6 5. Nc3 g6 6. Be3 Bg7 7. f3 O-O 8. Qd2
Nc6 9. O-O-O Bd7 10. g4 Rc8 11. Kb1 a6 12. h4 b5 13. h5 b4 14. Nd5 Nxd5 15.
exd5 Nxd4 16. Bxd4 a5 17. Bxg7 Kxg7 18. hxg6 hxg6 19. Qh6+ Kf6 20. g5+ 1-0

[Event "34. Copenhagen Open (Politiken Cup)"]
[Site "Elsinore"]
[Date "2012.08.03"]
[Round "8"]
[White "Skjoldager, Per"]
[Black "Nielsen, Kai Gylling"]
[Result "1-0"]
[WhiteElo "2062"]
[BlackElo "1888"]
[PlyCount "109"]
[EventDate "2012.07.28"]
[EventType "swiss"]
[EventRounds "10"]
[EventCountry "DEN"]
[Source "ChessBase"]
[SourceDate "2012.08.24"]

1. e4 c5 2. c3 d6 3. d4 cxd4 4. cxd4 g6 5. Nf3 Nf6 6. Nc3 Bg7 7. Bc4 O-O 8. O-O
Nxe4 9. Nxe4 d5 10. Bd3 dxe4 11. Bxe4 Qd6 12. Qb3 Nc6 13. Be3 Nxd4 14. Nxd4
Bxd4 15. Rfd1 e5 16. Rd2 Qf6 17. Bh6 Re8 18. Qg3 Qe6 19. h3 Bd7 20. Re1 Qb6 21.
Qf3 Re6 22. Bxb7 Rb8 23. Bd5 Bc6 24. Rxd4 Qxd4 25. Bxc6 Rd8 26. Qe4 Qb6 27. Bd5
Rf6 28. Be3 Qa5 29. Bg5 Rdd6 30. Bxf6 Rxf6 31. b4 Qb6 32. Re2 Rf4 33. Qxe5 Qxb4
34. Bb3 a5 35. g3 Rf5 36. Qe4 Qc3 37. Qc2 Qf6 38. Qb2 Qd8 39. Ba4 Qf6 40. Qxf6
Rxf6 41. Re5 Ra6 42. f4 Kg7 43. Kf2 h5 44. Rd5 f6 45. g4 hxg4 46. hxg4 Rb6 47.
Bb5 a4 48. a3 Kf7 49. f5 gxf5 50. gxf5 Kg7 51. Ke3 Rb8 52. Bxa4 Kh6 53. Bd7 Kg5
54. a4 Rb1 55. Rd4 1-0

[Event "34. Copenhagen Open (Politiken Cup)"]
[Site "Elsinore"]
[Date "2012.08.03"]
[Round "8"]
[White "Sorensen, Dick"]
[Black "Degerfeldt, Sven"]
[Result "1-0"]
[WhiteElo "2023"]
[BlackElo "1848"]
[PlyCount "97"]
[EventDate "2012.07.28"]
[EventType "swiss"]
[EventRounds "10"]
[EventCountry "DEN"]
[Source "ChessBase"]
[SourceDate "2012.08.24"]

1. d4 d5 2. Nf3 Nf6 3. c4 c6 4. e3 g6 5. Be2 Bg7 6. O-O O-O 7. Nbd2 e6 8. b3
Re8 9. Ne5 Nbd7 10. f4 Ne4 11. Nxe4 dxe4 12. Qc2 f5 13. Rd1 Qc7 14. Bb2 Nf6 15.
b4 Bd7 16. Qb3 Rad8 17. Rac1 Qb8 18. a4 Bc8 19. b5 Qc7 20. Ba3 Nd7 21. c5 Nf6
22. b6 Qb8 23. a5 Nd5 24. Bc4 Bxe5 25. dxe5 a6 26. Bxd5 exd5 27. e6 Rxe6 28.
Qc3 Kf7 29. Bb2 Rg8 30. Qe1 h6 31. Be5 Qa8 32. Qh4 g5 33. Qh5+ Rgg6 34. g4 Rxe5
35. fxe5 f4 36. exf4 gxf4 37. h3 Be6 38. Kh2 Qh8 39. Rg1 Qg7 40. Qh4 Rg5 41.
Rgf1 Qxe5 42. Qxh6 f3+ 43. Kh1 d4 44. Rce1 Qg3 45. Rg1 f2 46. Rxg3 fxe1=Q+ 47.
Rg1 Qxg1+ 48. Kxg1 Rxc5 49. Qf4+ 1-0

[Event "34. Copenhagen Open (Politiken Cup)"]
[Site "Elsinore"]
[Date "2012.08.03"]
[Round "8"]
[White "Svane, Troels"]
[Black "Tryggestad, Andreas Garberg"]
[Result "0-1"]
[WhiteElo "1723"]
[BlackElo "1721"]
[PlyCount "122"]
[EventDate "2012.07.28"]
[EventType "swiss"]
[EventRounds "10"]
[EventCountry "DEN"]
[Source "ChessBase"]
[SourceDate "2012.08.24"]

1. Nf3 d5 2. g3 c5 3. d3 Nc6 4. Bg2 g6 5. O-O Bg7 6. e4 dxe4 7. dxe4 Bg4 8. h3
Qxd1 9. Rxd1 Bxf3 10. Bxf3 Nd4 11. Rxd4 cxd4 12. Nd2 e5 13. Nc4 Rd8 14. b3 Ne7
15. Ba3 Nc8 16. Bg4 Bf8 17. Bxf8 Kxf8 18. Nxe5 Kg7 19. Rd1 h5 20. Be2 Rhe8 21.
Nf3 Rxe4 22. Bd3 Re7 23. Bc4 Nb6 24. Nxd4 Nxc4 25. bxc4 Kf6 26. c3 Rc7 27. Rb1
Rxc4 28. Rxb7 Rxc3 29. Nb3 Rd1+ 30. Kg2 Rb1 31. Rxa7 Rb2 32. Rd7 Rcc2 33. Rd6+
Ke7 34. Rd3 Rxf2+ 35. Kg1 Rxa2 36. Re3+ Kf6 37. Nc1 Rac2 38. Nd3 Rg2+ 39. Kf1
Rh2 40. Rf3+ Kg7 41. Rf2 Rhxf2+ 42. Nxf2 f5 43. h4 Kf6 44. Kg2 Ke5 45. Kf3
Rxf2+ 46. Kxf2 Ke4 47. Kg1 Kf3 48. Kh2 Kf2 49. Kh3 Kg1 50. g4 fxg4+ 51. Kg3 Kh1
52. Kf4 Kh2 53. Kg5 g3 54. Kxg6 g2 55. Kxh5 g1=Q 56. Kh6 Kh3 57. h5 Kh4 58. Kh7
Kxh5 59. Kh8 Qa7 60. Kg8 Kg6 61. Kf8 Qf7# 0-1

[Event "34. Copenhagen Open (Politiken Cup)"]
[Site "Elsinore"]
[Date "2012.08.03"]
[Round "8"]
[White "Svanholm, Borge Waaktaar"]
[Black "Amarapala, Sherington"]
[Result "1-0"]
[WhiteElo "1905"]
[BlackElo "1732"]
[PlyCount "101"]
[EventDate "2012.07.28"]
[EventType "swiss"]
[EventRounds "10"]
[EventCountry "DEN"]
[Source "ChessBase"]
[SourceDate "2012.08.24"]

1. c4 e6 2. Nc3 c5 3. Nf3 Nc6 4. d4 d5 5. cxd5 exd5 6. g3 Nf6 7. Bg2 Be7 8. O-O
O-O 9. Bg5 Be6 10. e3 Rc8 11. dxc5 h6 12. Bxf6 Bxf6 13. Nd4 Ne5 14. Rc1 Rxc5
15. Nb3 Rc7 16. Nxd5 Rxc1 17. Nxf6+ Qxf6 18. Qxc1 Rc8 19. Qd2 Bh3 20. Nd4 Bxg2
21. Kxg2 Nc6 22. Nxc6 Qxc6+ 23. Kg1 Qa4 24. b3 Qe4 25. Rc1 Rxc1+ 26. Qxc1 Kh7
27. Qc4 Qb1+ 28. Kg2 Qf5 29. e4 Qe6 30. Qxe6 fxe6 31. f4 Kg6 32. Kf3 h5 33. h3
h4 34. g4 e5 35. fxe5 Kf7 36. Kf4 Ke6 37. a3 b5 38. b4 a6 39. Ke3 Kxe5 40. Kf3
g6 41. g5 Kd4 42. Kf4 Kc3 43. e5 Kb3 44. e6 Kxa3 45. e7 Kxb4 46. e8=Q a5 47.
Qxg6 a4 48. Qb1+ Kc4 49. g6 b4 50. g7 a3 51. g8=Q+ 1-0

[Event "34. Copenhagen Open (Politiken Cup)"]
[Site "Elsinore"]
[Date "2012.08.03"]
[Round "8"]
[White "Tari, Aryan"]
[Black "Hedman, Erik"]
[Result "1/2-1/2"]
[WhiteElo "2256"]
[BlackElo "2381"]
[PlyCount "73"]
[EventDate "2012.07.28"]
[EventType "swiss"]
[EventRounds "10"]
[EventCountry "DEN"]
[Source "ChessBase"]
[SourceDate "2012.08.24"]

1. e4 c5 2. Nf3 d6 3. d4 cxd4 4. Nxd4 Nf6 5. Nc3 a6 6. Be2 e5 7. Nb3 Be7 8. O-O
O-O 9. Be3 Be6 10. Qd3 Nc6 11. Rad1 Rc8 12. a3 Na5 13. Nxa5 Qxa5 14. Nd5 Bxd5
15. exd5 e4 16. Qd2 Qc7 17. c4 Nd7 18. b4 b6 19. Rc1 f5 20. f4 exf3 21. Rxf3 g6
22. Rff1 Bf6 23. g4 fxg4 24. Bxg4 Bg7 25. Be6+ Kh8 26. Bd4 Rce8 27. Kg2 a5 28.
h4 axb4 29. axb4 Ne5 30. c5 bxc5 31. bxc5 dxc5 32. Rxc5 Qe7 33. Qg5 Qxg5+ 34.
hxg5 Rxf1 35. Kxf1 Nf3 36. Be3 Bd4 37. Bxd4+ 1/2-1/2

[Event "34. Copenhagen Open (Politiken Cup)"]
[Site "Elsinore"]
[Date "2012.08.03"]
[Round "8"]
[White "Veng, Johny"]
[Black "Rydell, Marten"]
[Result "1/2-1/2"]
[WhiteElo "2274"]
[BlackElo "1973"]
[PlyCount "34"]
[EventDate "2012.07.28"]
[EventType "swiss"]
[EventRounds "10"]
[EventCountry "DEN"]
[Source "ChessBase"]
[SourceDate "2012.08.24"]

1. c4 Nf6 2. g3 g6 3. d4 c5 4. Nf3 Bg7 5. Nc3 O-O 6. d5 d6 7. Bg2 e6 8. O-O
exd5 9. cxd5 a6 10. a4 Nbd7 11. Nd2 Re8 12. Nc4 Ne5 13. Na3 Nh5 14. h3 Rb8 15.
e4 f5 16. exf5 Bxf5 17. g4 Bxg4 1/2-1/2

[Event "34. Copenhagen Open (Politiken Cup)"]
[Site "Elsinore"]
[Date "2012.08.03"]
[Round "8"]
[White "Verhasselt, Karsten"]
[Black "Marder, Simon"]
[Result "0-1"]
[WhiteElo "1814"]
[BlackElo "2013"]
[PlyCount "70"]
[EventDate "2012.07.28"]
[EventType "swiss"]
[EventRounds "10"]
[EventCountry "DEN"]
[Source "ChessBase"]
[SourceDate "2012.08.24"]

1. e4 d5 2. exd5 Qxd5 3. Nc3 Qa5 4. Bc4 Nf6 5. d3 c6 6. Bd2 Qc7 7. Qe2 g6 8.
Nf3 Bg7 9. O-O O-O 10. Rfe1 e6 11. Rab1 Nbd7 12. Ne4 Nd5 13. Bg5 e5 14. Bxd5
cxd5 15. Nc3 f6 16. Bh4 d4 17. Nb5 Qb6 18. Na3 Nc5 19. Nd2 Be6 20. Nb3 Rfe8 21.
f3 Rac8 22. Bf2 Bf8 23. c3 Nxb3 24. axb3 Bxa3 25. bxa3 Rxc3 26. Rb2 Bf5 27.
Reb1 Bxd3 28. Qd2 Bxb1 29. Rxb1 Rec8 30. f4 Rc2 31. Qd3 Rc1+ 32. Be1 Rxb1 33.
Qxb1 d3+ 34. Kf1 Qe3 35. Qb2 Rc2 0-1

[Event "34. Copenhagen Open (Politiken Cup)"]
[Site "Elsinore"]
[Date "2012.08.03"]
[Round "8"]
[White "Yildiz, Hasan"]
[Black "Rorvik, Jon Fredrik"]
[Result "0-1"]
[WhiteElo "2029"]
[BlackElo "2149"]
[PlyCount "90"]
[EventDate "2012.07.28"]
[EventType "swiss"]
[EventRounds "10"]
[EventCountry "DEN"]
[Source "ChessBase"]
[SourceDate "2012.08.24"]

1. d4 d5 2. Bf4 e6 3. e3 Nd7 4. c4 Ngf6 5. c5 Be7 6. Nc3 c6 7. b4 O-O 8. a4 Ne4
9. Nxe4 dxe4 10. Qc2 f5 11. Bc4 Nf6 12. Qb3 Nd5 13. Ne2 Qd7 14. Be5 Bd8 15. Nf4
Qf7 16. O-O Bc7 17. Bxc7 Qxc7 18. b5 g5 19. Nh3 h6 20. f3 exf3 21. Rxf3 g4 22.
Rf2 gxh3 23. e4 fxe4 24. Rxf8+ Kxf8 25. Rf1+ Ke8 26. Qxh3 Qg7 27. Qh5+ Kd8 28.
Qh4+ Qg5 29. Rf8+ Ke7 30. Qf2 Qe3 31. Rf7+ Kd8 32. Rf8+ Kd7 33. Rf7+ Kd8 34.
Rf8+ Kc7 35. Qxe3 Nxe3 36. Bxe6 Bxe6 37. Rxa8 Nc2 38. Kf2 e3+ 39. Kf3 Bd5+ 40.
Kf4 e2 41. b6+ axb6 42. cxb6+ Kd7 43. Ra7 e1=Q 44. Rxb7+ Kd6 45. Ra7 Qf2+ 0-1

[Event "34. Copenhagen Open (Politiken Cup)"]
[Site "Elsinore"]
[Date "2012.08.03"]
[Round "8"]
[White "Zude, Erik"]
[Black "Andersen, Rune Egede"]
[Result "1-0"]
[WhiteElo "2384"]
[BlackElo "2076"]
[PlyCount "69"]
[EventDate "2012.07.28"]
[EventType "swiss"]
[EventRounds "10"]
[EventCountry "DEN"]
[Source "ChessBase"]
[SourceDate "2012.08.24"]

1. c4 e6 2. d4 Nf6 3. Nc3 d5 4. cxd5 exd5 5. Bg5 c6 6. e3 Bf5 7. Qf3 Bg6 8.
Bxf6 gxf6 9. Qd1 Qb6 10. Qd2 Na6 11. Nf3 Be4 12. Be2 Rg8 13. O-O Nc7 14. Nh4
Ne6 15. f3 Bg6 16. f4 Be4 17. Nxe4 dxe4 18. Qc2 O-O-O 19. Kh1 Rd5 20. Bc4 Rh5
21. Qxe4 Nd8 22. Bxf7 f5 23. Nxf5 Rg6 24. Bxg6 hxg6 25. Ng3 Rh6 26. Qe8 Bd6 27.
Ne4 Bc7 28. b3 Qb5 29. Nc5 Qe2 30. Qd7+ Kb8 31. Ne6 Nxe6 32. Qxe6 Rh8 33. Qxg6
Qxe3 34. Rae1 Qxd4 35. Re8+ 1-0

[Event "34. Copenhagen Open (Politiken Cup)"]
[Site "Elsinore"]
[Date "2012.08.04"]
[Round "9"]
[White "Aabling Thomsen, Jakob"]
[Black "Aagaard, Jacob"]
[Result "0-1"]
[WhiteElo "2331"]
[BlackElo "2506"]
[PlyCount "64"]
[EventDate "2012.07.28"]
[EventType "swiss"]
[EventRounds "10"]
[EventCountry "DEN"]
[Source "ChessBase"]
[SourceDate "2012.08.24"]

1. e4 c5 2. d4 cxd4 3. c3 Nf6 4. e5 Nd5 5. Nf3 d6 6. Bc4 Nb6 7. Bb3 dxe5 8.
Nxe5 e6 9. O-O Nc6 10. Nxc6 bxc6 11. cxd4 Be7 12. Nc3 O-O 13. Qf3 Ba6 14. Rd1
Rc8 15. Bc2 Bc4 16. b3 Bd5 17. Qh3 g6 18. Bh6 Re8 19. Rd3 Rc7 20. Rad1 Rd7 21.
Qg4 Nc8 22. Rg3 Bf6 23. Ne2 Nd6 24. Nf4 Nf5 25. Rh3 Nxd4 26. Bxg6 fxg6 27. Nxg6
hxg6 28. Qxg6+ Bg7 29. Bg5 Be4 30. Rh8+ Kxh8 31. Qh5+ Kg8 32. Bxd8 Rexd8 0-1

[Event "34. Copenhagen Open (Politiken Cup)"]
[Site "Elsinore"]
[Date "2012.08.04"]
[Round "9"]
[White "Amarapala, Sherington"]
[Black "Hansen, Tommy"]
[Result "1/2-1/2"]
[WhiteElo "1732"]
[BlackElo "1856"]
[PlyCount "73"]
[EventDate "2012.07.28"]
[EventType "swiss"]
[EventRounds "10"]
[EventCountry "DEN"]
[Source "ChessBase"]
[SourceDate "2012.08.24"]

1. e4 Nf6 2. e5 Nd5 3. c4 Nb6 4. d4 d6 5. exd6 cxd6 6. Nc3 g6 7. Be3 Bg7 8. Be2
O-O 9. Rc1 Bf5 10. f4 e5 11. fxe5 dxe5 12. dxe5 Bxe5 13. Nf3 Qxd1+ 14. Rxd1
Bxc3+ 15. bxc3 Re8 16. Bxb6 axb6 17. Rd2 Nc6 18. O-O Re3 19. Nd4 Rae8 20. Bd1
Bd3 21. Rf3 Bxc4 22. Bb3 b5 23. Bxc4 bxc4 24. Rxe3 Rxe3 25. Nxc6 bxc6 26. Rc2
Kf8 27. Kf2 Rd3 28. a4 Ke8 29. a5 Kd8 30. a6 Rd7 31. Ra2 Ra7 32. Ke3 Kc7 33.
Kd4 Kb6 34. Rb2+ Kc7 35. Ra2 Kb6 36. Rb2+ Kc7 37. Ra2 1/2-1/2

[Event "34. Copenhagen Open (Politiken Cup)"]
[Site "Elsinore"]
[Date "2012.08.04"]
[Round "9"]
[White "Andersen, Dag"]
[Black "Verhasselt, Karsten"]
[Result "1/2-1/2"]
[WhiteElo "1907"]
[BlackElo "1814"]
[PlyCount "50"]
[EventDate "2012.07.28"]
[EventType "swiss"]
[EventRounds "10"]
[EventCountry "DEN"]
[Source "ChessBase"]
[SourceDate "2012.08.24"]

1. d4 Nf6 2. Nf3 g6 3. Bg5 Bg7 4. Nbd2 d5 5. c3 O-O 6. e3 b6 7. Bd3 Bb7 8. O-O
Nbd7 9. Bxf6 Nxf6 10. b4 Ne4 11. Qc2 f5 12. Rab1 Qd6 13. c4 Nxd2 14. Nxd2 dxc4
15. Bxc4+ Bd5 16. f4 Rfc8 17. Qb3 e6 18. Rbc1 c6 19. Rc2 Rc7 20. Rfc1 Rac8 21.
Qa3 Bxc4 22. Nxc4 Qd5 23. Nb2 Bf8 24. Nd3 Bd6 25. Qc3 Kf7 1/2-1/2

[Event "34. Copenhagen Open (Politiken Cup)"]
[Site "Elsinore"]
[Date "2012.08.04"]
[Round "9"]
[White "Andersen, Rune Egede"]
[Black "Leutwyler, Martin"]
[Result "0-1"]
[WhiteElo "2076"]
[BlackElo "2190"]
[PlyCount "120"]
[EventDate "2012.07.28"]
[EventType "swiss"]
[EventRounds "10"]
[EventCountry "DEN"]
[Source "ChessBase"]
[SourceDate "2012.08.24"]

1. e4 Nf6 2. Nc3 d5 3. exd5 Nxd5 4. Bc4 e6 5. Nf3 Be7 6. O-O O-O 7. Re1 Nxc3 8.
bxc3 Nd7 9. d4 b6 10. Qe2 Bb7 11. Bf4 Nf6 12. Bd3 Nd5 13. Bd2 Nf6 14. c4 Bxf3
15. Qxf3 Qxd4 16. Bc3 Qh4 17. h3 Rfd8 18. Re5 Bd6 19. g3 Qh6 20. Rae1 Bxe5 21.
Bxe5 Rac8 22. g4 Nd7 23. Bf4 Qh4 24. g5 Re8 25. Re4 f5 26. Re1 Nc5 27. Bf1 Ne4
28. Qe3 e5 29. Bg3 Nxg3 30. fxg3 Qd4 31. Kg2 Qxe3 32. Rxe3 Rcd8 33. Rc3 Rd2+
34. Kf3 c5 35. h4 Kf7 36. Be2 Rd4 37. Ra3 Re7 38. Ke3 Kg6 39. Ra6 f4+ 40. Kf3
fxg3 41. Kxg3 Kf5 42. a4 Rd2 43. Bg4+ Ke4 44. a5 bxa5 45. Rxa5 Kd4 46. Bf5 g6
47. c3+ Kxc4 48. Be4 Kxc3 49. Ra6 Kd4 50. Kf3 c4 51. Rd6+ Kc3 52. Rc6 Rh2 53.
Kg3 Rb2 54. Kf3 Rb3 55. Ke2 Kd4 56. Bc2 Rb2 57. Kd1 Kc3 58. Bxg6 Rd7+ 59. Ke1
hxg6 60. Rxg6 Rb6 0-1

[Event "34. Copenhagen Open (Politiken Cup)"]
[Site "Elsinore"]
[Date "2012.08.04"]
[Round "9"]
[White "Becker, Martin"]
[Black "Skjolas, Erling Dyrhaug"]
[Result "1-0"]
[WhiteElo "2375"]
[BlackElo "1581"]
[PlyCount "67"]
[EventDate "2012.07.28"]
[EventType "swiss"]
[EventRounds "10"]
[EventCountry "DEN"]
[Source "ChessBase"]
[SourceDate "2012.08.24"]

1. c4 e6 2. g3 d5 3. Bg2 Nf6 4. Nf3 c5 5. O-O Nc6 6. b3 Be7 7. Bb2 O-O 8. Na3
b6 9. d4 cxd4 10. Nxd4 Nxd4 11. Qxd4 Bc5 12. Qc3 Bb7 13. Nc2 Rc8 14. Qf3 Be7
15. Rfd1 Qc7 16. Rac1 Bc6 17. Nd4 Qb7 18. Nxc6 Rxc6 19. cxd5 Rxc1 20. Rxc1 Nxd5
21. Qg4 g6 22. Qd4 f6 23. Qc4 Bc5 24. e4 Rc8 25. Kf1 b5 26. Qe2 Ne7 27. Bxf6
Qd7 28. Rd1 Qc7 29. Ba1 Bb4 30. Qxb5 Qc2 31. Bf3 Rf8 32. Qe5 Bc3 33. Bxc3 Rxf3
34. Qg7# 1-0

[Event "34. Copenhagen Open (Politiken Cup)"]
[Site "Elsinore"]
[Date "2012.08.04"]
[Round "9"]
[White "Bejtovic, Jasmin"]
[Black "Hobber, Anders"]
[Result "1/2-1/2"]
[WhiteElo "2393"]
[BlackElo "2244"]
[PlyCount "78"]
[EventDate "2012.07.28"]
[EventType "swiss"]
[EventRounds "10"]
[EventCountry "DEN"]
[Source "ChessBase"]
[SourceDate "2012.08.24"]

1. e4 e6 2. d3 d5 3. Nd2 Nf6 4. Ngf3 b6 5. g3 dxe4 6. dxe4 Bb7 7. Bd3 Nbd7 8.
O-O Nc5 9. Ne5 a6 10. Qe2 Nxd3 11. cxd3 Be7 12. Ndf3 O-O 13. b3 c5 14. Bb2 Nd7
15. Rfd1 Nxe5 16. Nxe5 Bf6 17. Rac1 Qc7 18. f4 Bxe5 19. Bxe5 Qe7 20. Qe3 Rfd8
21. b4 Rac8 22. bxc5 bxc5 23. Bb2 Qd7 24. Rxc5 Rxc5 25. Qxc5 f6 26. Qe3 Qa4 27.
Rc1 Qb5 28. Bd4 e5 29. fxe5 fxe5 30. Ba1 Qxd3 31. Qxd3 Rxd3 32. Bxe5 Bxe4 33.
Rc7 Rd2 34. Rxg7+ Kf8 35. Rg4 Bd5 36. Rh4 Kg8 37. a3 Re2 38. Bd6 Bc6 39. Rc4
Rg2+ 1/2-1/2

[Event "34. Copenhagen Open (Politiken Cup)"]
[Site "Elsinore"]
[Date "2012.08.04"]
[Round "9"]
[White "Bendixen, Daniel"]
[Black "Hojgaard, Brandur"]
[Result "1-0"]
[WhiteElo "1882"]
[BlackElo "1686"]
[PlyCount "118"]
[EventDate "2012.07.28"]
[EventType "swiss"]
[EventRounds "10"]
[EventCountry "DEN"]
[Source "ChessBase"]
[SourceDate "2012.08.24"]

1. e4 e5 2. Nf3 Nc6 3. Bc4 Bc5 4. c3 Nf6 5. d4 exd4 6. e5 d5 7. Bb5 Ne4 8. cxd4
Bb4+ 9. Bd2 Bxd2+ 10. Nbxd2 Bg4 11. Qc2 Nxd2 12. Bxc6+ bxc6 13. Nxd2 Bd7 14.
O-O O-O 15. f4 f6 16. Rae1 fxe5 17. fxe5 Qg5 18. Nb3 Rxf1+ 19. Rxf1 Rf8 20.
Rxf8+ Kxf8 21. Qd2 Qg6 22. Qd1 Bg4 23. Qe1 Bc8 24. Nc5 Qg4 25. Qf2+ Kg8 26. h3
Qg6 27. Qh4 Qe8 28. Qf4 h6 29. Kh2 Kh8 30. g4 Kh7 31. Kg3 Kg8 32. g5 Qh5 33. h4
Qe2 34. gxh6 Qe1+ 35. Qf2 Qxf2+ 36. Kxf2 gxh6 37. Kf3 Kf7 38. Kf4 Kg6 39. b4
Kf7 40. a4 Ke7 41. Nd3 Kf7 42. Nf2 Kg6 43. Ng4 Kh5 44. Nf6+ Kxh4 45. Ne8 Kh5
46. Nxc7 Kg6 47. b5 cxb5 48. axb5 Bb7 49. Ne8 Bc8 50. Nf6 Be6 51. Ne8 Bc8 52.
Nc7 Bb7 53. Ne6 Bc8 54. Nd8 a5 55. b6 a4 56. b7 Bxb7 57. Nxb7 a3 58. Nc5 a2 59.
Nb3 h5 1-0

[Event "34. Copenhagen Open (Politiken Cup)"]
[Site "Elsinore"]
[Date "2012.08.04"]
[Round "9"]
[White "Bennion, David"]
[Black "Alfven, Jorgen"]
[Result "1-0"]
[WhiteElo "2007"]
[BlackElo "1848"]
[PlyCount "61"]
[EventDate "2012.07.28"]
[EventType "swiss"]
[EventRounds "10"]
[EventCountry "DEN"]
[Source "ChessBase"]
[SourceDate "2012.08.24"]

1. e4 c5 2. Nf3 Nc6 3. d4 cxd4 4. Nxd4 Nf6 5. Nc3 e5 6. Ndb5 d6 7. Nd5 Nxd5 8.
exd5 Nb8 9. c4 a6 10. Qa4 Nd7 11. Bg5 f6 12. Be3 Kf7 13. c5 Rb8 14. Nxd6+ Bxd6
15. cxd6 b5 16. Qh4 Nb6 17. Bd3 Nxd5 18. O-O Qxd6 19. Qh5+ Kg8 20. Rfd1 Be6 21.
Be4 Rd8 22. Rxd5 Bxd5 23. Rd1 g6 24. Bxd5+ Qxd5 25. Rxd5 Rxd5 26. Qf3 Rd6 27.
h4 Kf7 28. Bc5 Rd7 29. Qb3+ Kg7 30. Qe6 Rhd8 31. Be7 1-0

[Event "34. Copenhagen Open (Politiken Cup)"]
[Site "Elsinore"]
[Date "2012.08.04"]
[Round "9"]
[White "Bjorneboe, Kristian"]
[Black "Madison, Sigurd"]
[Result "1-0"]
[WhiteElo "1959"]
[BlackElo "1799"]
[PlyCount "109"]
[EventDate "2012.07.28"]
[EventType "swiss"]
[EventRounds "10"]
[EventCountry "DEN"]
[Source "ChessBase"]
[SourceDate "2012.08.24"]

1. d4 d5 2. Nf3 Nf6 3. e3 e6 4. Bd3 Be7 5. Nbd2 Nbd7 6. O-O O-O 7. Re1 c5 8. b3
Bd6 9. Bb2 Ng4 10. h3 Nh6 11. c4 f5 12. Ne5 Nf6 13. a3 Ne4 14. f4 Qh4 15. Nxe4
dxe4 16. Bc2 g5 17. dxc5 Bxe5 18. Bxe5 g4 19. Re2 Nf7 20. Bb2 Rd8 21. Qe1 g3
22. Rd1 Bd7 23. Qc3 Qh6 24. Red2 Be8 25. Rxd8 Rxd8 26. Rxd8 Nxd8 27. Qf6 Qxf6
28. Bxf6 Nc6 29. Bh4 e5 30. Bxg3 exf4 31. Bxf4 a5 32. Kf2 Kf7 33. g4 Ke6 34.
Kg3 Bf7 35. Bd1 Ne5 36. Bxe5 fxg4 37. Bxg4+ Kxe5 38. Bc8 a4 39. b4 Bxc4 40.
Bxb7 Bb5 41. c6 Kd6 42. Kf4 Bd3 43. c7 Kxc7 44. Bxe4 Bf1 45. h4 h6 46. Bc2 Bb5
47. Kf5 Be8 48. Kf6 Kd6 49. Bg6 Bd7 50. e4 Bc6 51. e5+ Kd5 52. e6 Kc4 53. e7
Kb3 54. e8=Q Bxe8 55. Bxe8 1-0

[Event "34. Copenhagen Open (Politiken Cup)"]
[Site "Elsinore"]
[Date "2012.08.04"]
[Round "9"]
[White "Blomqvist, Erik"]
[Black "Fossan, Petter"]
[Result "1/2-1/2"]
[WhiteElo "2457"]
[BlackElo "2255"]
[PlyCount "59"]
[EventDate "2012.07.28"]
[EventType "swiss"]
[EventRounds "10"]
[EventCountry "DEN"]
[Source "ChessBase"]
[SourceDate "2012.08.24"]

1. e4 e6 2. d3 d5 3. Qe2 dxe4 4. dxe4 e5 5. Nf3 Nd7 6. Be3 Be7 7. Nbd2 c6 8. g4
Ngf6 9. Rg1 Qc7 10. O-O-O g6 11. Bh6 b5 12. h4 Nc5 13. Ng5 Ne6 14. Qf3 Nd4 15.
Qh3 Nh5 16. Nb3 Nf4 17. Qe3 Nde6 18. Nxe6 Nxe6 19. g5 Rg8 20. Kb1 a5 21. Bh3
Nf4 22. Bxc8 Rxc8 23. Nc5 Bxc5 24. Qxc5 Ne6 25. Qc3 Rd8 26. Qf3 Nf4 27. Qe3 Ne6
28. Qf3 Nf4 29. Qe3 Ne6 30. Qf3 1/2-1/2